Architecture in France, 1800-1900 /

Bibliographic Details
Main Author: Lemoine, Bertrand
Format: Book
Language:English
Published: New York : Harry N. Abrams, 1998.
Subjects:

MARC

Tag First Indicator Second Indicator Subfields
LEADER 00000cam a2200000 a 4500
001 in00001419621
005 20151020081346.0
008 971031s1998 nyua b 001 0 eng
010 |a  97045861  
020 |a 0810940906 (clothbound) 
035 |a (OCoLC)37935199 
035 |9 AHR1756AM 
040 |a DLC  |c DLC  |d RSD  |d OCL  |d C#P  |d TXA  |d UtOrBLW 
041 1 |a eng  |h fre 
043 |a e-fr--- 
049 |a TXAM 
050 0 0 |a NA1047  |b .L4713 1998 
082 0 0 |a 720/.944/09034  |2 21 
100 1 |a Lemoine, Bertrand. 
240 1 0 |a France du XIXe siècle.  |l English 
245 1 0 |a Architecture in France, 1800-1900 /  |c Bertrand Lemoine ; translated from the French by Alexandra Bonfante-Warren. 
264 1 |a New York :  |b Harry N. Abrams,  |c 1998. 
300 |a 200 pages :  |b illustrations (some color) ;  |c 32 cm. 
336 |a text  |b txt  |2 rdacontent 
337 |a unmediated  |b n  |2 rdamedia 
338 |a volume  |b nc  |2 rdacarrier 
504 |a Includes bibliographical references (page 200) and index. 
650 0 |a Architecture  |z France  |y 19th century. 
650 0 |a Architecture and society  |z France  |x History  |y 19th century. 
948 |a c:en 
999 |a MARS 
999 f f |s f8df68ca-c084-3860-b3d4-21da7d832974  |i ecf2f8ba-8f9a-3457-b05f-c4b87af55dea  |t 0 
952 f f |p ric  |a Texas A&M University  |b Rellis Campus  |c Joint Library Facility  |d Remote Storage  |t 0  |e NA1047 .L4713 1998  |h Library of Congress classification  |i unmediated -- volume  |m A14823410564 
998 f f |a NA1047 .L4713 1998  |t 0  |l Remote Storage